[Event "Vienna Advent op"]
[Site "Vienna"]
[Date "2023.12.16"]
[Round "6"]
[White "Hoegl, Emanuel"]
[Black "Anastasakis, Georgios"]
[Result "1/2-1/2"]
[WhiteElo "2104"]
[BlackElo "1805"]
[PlyCount "69"]
[EventDate "2023.12.11"]
[EventType "swiss"]
[EventRounds "7"]
[EventCountry "AUT"]
[SourceTitle "CB51_2023"]
[SourceDate "2023.12.20"]
[SourceVersion "1"]
[SourceVersionDate "2023.12.20"]
[SourceQuality "1"]

1. d4 Nf6 2. Nf3 g6 3. g3 Bg7 4. Bg2 0-0 5. 0-0 d6 6. b3 c5 7. Bb2 Qc7 8. c4 a6 9. Nc3 Bf5 10. Re1 Bd7 11. Qd2 Nc6 12. d5 Na5 13. e4 b5 14. e5 dxe5 15. Nxe5 Rab8 16. Nxd7 Qxd7 17. cxb5 axb5 18. Ne4 Nxe4 19. Rxe4 Bxb2 20. Qxb2 Qxd5 21. Rxe7 Qd6 22. Rae1 Nc6 23. R7e3 b4 24. Bxc6 Qxc6 25. Qc2 Rbc8 26. Re5 c4 27. bxc4 Qxc4 28. Qxc4 Rxc4 29. R1e2 Rfc8 30. Kg2 Rc2 31. R5e4 Rxe2 32. Rxe2 Rc3 33. Rb2 Ra3 34. Rb3 Rxa2 35. Rxb4 1/2-1/2

[Event "Vienna State-chB"]
[Site "Vienna"]
[Date "2022.09.21"]
[Round "5"]
[White "Bonk, Andras"]
[Black "Anastasakis, Georgios"]
[Result "1-0"]
[WhiteElo "2175"]
[BlackElo "1893"]
[PlyCount "77"]
[EventDate "2022.09.17"]
[EventType "swiss"]
[EventRounds "9"]
[EventCountry "AUT"]
[SourceTitle "CBM 210 Extra"]
[Source "ChessBase"]
[SourceDate "2022.11.30"]
[SourceVersion "1"]
[SourceVersionDate "2022.11.30"]
[SourceQuality "1"]

1. c4 Nf6 2. Nc3 g6 3. Nf3 Bg7 4. g3 0-0 5. Bg2 d6 6. 0-0 Nbd7 7. d4 e5 8. h3 c6 9. dxe5 dxe5 10. Be3 Qe7 11. Qb3 Nh5 12. c5 Kh8 13. Ne4 f5 14. Bg5 Nhf6 15. Bxf6 Nxf6 16. Nd6 Nd5 17. e4 fxe4 18. Nxe4 Be6 19. Qa3 Nc7 20. Nd6 e4 21. Nd2 e3 22. Qxe3 Qd7 23. h4 Bxb2 24. Rab1 Qg7 25. Rxb2 Qxb2 26. Rb1 Qf6 27. Rxb7 Nd5 28. Qh6 Qxf2+ 29. Kh2 Bf7 30. N2e4 Qe3 31. Ng5 Nf6 32. Ngxf7+ Rxf7 33. Nxf7+ Kg8 34. Qxe3 Ng4+ 35. Kh3 Nxe3 36. Bxc6 Rc8 37. Ne5 Nf5 38. Bd5+ Kh8 39. Nf7+ 1-0